100 Questions About Batman Quiz Stats

 Plays Quiz Updated Apr 4, 2014

Challenge
Share
Tweet
Embed
Score 0/100 Timer 12:00
4 Plays Today
Hint Answer % Correct
Batman's Secret IdentityBruce Wayne
98.1%
Batman's CityGotham City
86.8%
Batman's ButlerAlfred Pennyworth
84%
Batman's Comical Arch-EnemyThe Joker
78.8%
Batman's Sometimes Enemy/Sometimes Ally/Sometimes Love InterestCatwoman
72%
Batman's Enemy with a Split PersonalityTwo-Face
71.4%
Batman's Quizzical EnemyThe Riddler
71.4%
Robin I's Secret IdentityDick Grayson
70.1%
Team Batman Is a Founding Member of...Justice League of America
68%
...Who Later Uses the Codename...Nightwing
67.4%
Batman's Backbreaking VillainBane
67.3%
Batman's Botanical EnemyPoison Ivy
67.1%
Batman's Glacial EnemyMr. Freeze
66.6%
...Who Has a Female Sidekick Named...Harley Quinn
63.3%
Batman's Avian EnemyThe Penguin
62.7%
Batman's MotherMartha Wayne
62.7%
Batman's FatherThomas Wayne
62.6%
...Whose Real Name Is...Harvey Dent
62.4%
Batman's BusinessWayne Enterprises
61.2%
Batman's Frightful FoeThe Scarecrow
59.2%
...Which, in Batman's Absence, Is Frequently Managed by...Lucius Fox
57.2%
Batgirl II's Secret IdentityBarbara Gordon
56.2%
...Whose Real Name Is...Selina Kyle
55.8%
Batman's Immortal Enemy (and Robin V's Grandfather)Ra's al Ghul
55.2%
Batman's Reptillian EnemyKiller Croc
54.3%
Year of Batman's First AppearanceMay 1939
54.2%
Batman's Shapeshifting EnemyClayface
53.4%
...And Even Later Uses the Codename...Batman
52%
Batman's Parents' MurdererJoe Chill
51.5%
...Whose Real Name Is...Edward Nigma
51.2%
Robin III's Secret IdentityTim Drake/Tim Wayne
51%
Batman's Enemy from WonderlandThe Mad Hatter
50.5%
Robin II's Secret IdentityJason Todd
50.1%
...Who Later Uses the Codename...The Red Hood
49.5%
Hint Answer % Correct
Batman's CreatorsBob Kane & Bill Finger
48.9%
...Who Later Uses the Codename...Oracle
48.7%
Batman's Father's OccupationDoctor
48.5%
Team Robin I Is a Founding Member of...Teen Titans
47.4%
Batgirl II's FatherJames Gordon
47.2%
Robin I's Parents' OccupationCircus Acrobats
47.1%
...and is the Leader of the...League of Assassins
43.9%
...Who Later Uses the Codename...Red Robin
43.6%
Robin V's MotherTalia al Ghul
43.6%
Batgirl II's Father's OccupationPolice Commissioner
43.2%
Batman's Echolocating EnemyMan-Bat
42%
Robin V's Secret IdentityDamian Wayne
41.8%
...Whose Real Name Is...Oswald Cobblepot
40.9%
...and Frequently Takes Rejuvenating Baths in a...Lazarus Pit
40.1%
...Whose Real Name Is...Victor Fries
39.8%
...Whose Real Name Is...Harleen Quinzel
38%
Batman's Childhood Friend and Bandaged FoeHush
36.8%
...And Later Uses the Codename...Batgirl (VI)
35.7%
...Whose Real Name Is...Jonathan Crane
35.6%
...Whose Real Name Is...Pamela Isley
33.2%
Batman's Pyromaniacal EnemyFirefly
32.5%
Batman's Voice Throwing Enemy...The Ventriloquist
31.3%
Robin IV's Secret IdentityStephanie Brown
28.7%
...and Whose Dummy Is Named...Scarface
28.5%
...Which Prompted Batman to Nominate this Man to Temporarily Replace Him...Azrael
28.4%
Batman's First AppearanceDetective Comics #27
27.9%
...Who Previously Used the Codename...Spoiler
25.7%
Robin I's FatherJohn Grayson
25%
...Whose Name Means...Demon's Head
24.9%
Batman's Self-Mutilating/Tallying EnemyMr. (Victor) Zsasz
24.3%
Batgirl IV's Secret IdentityCassandra Cain
22.4%
...Whose Real Name Is...Jervis Tetch
22.2%
Other Team Batman Is a Founding Member of...The Outsiders
22.1%
Alias Batman (Most Frequently) Uses When UndercoverMatches Malone
20.8%
Hint Answer % Correct
...Whose Real Name Is...Tommy Elliot
20.2%
...Whose Real Name Is...Waylon Jones
18.1%
...Who Previously and Later Uses the Codename...Huntress
17.8%
...the First of Whom Was Named...Basil Karlo
16.9%
...Whose Real Name Is...Jean-Paul Valley
16.4%
Robin I's Parents' MurdererTony Zucco
16.2%
Batman's Lepidopteran EnemyKiller Moth
16.1%
Robin I's MotherMary Grayson
15.9%
Robin III's FatherJack Drake
15.1%
Batwoman's (Post-Crisis) Secret IdentityKate Kane
15.1%
Batwoman's (Pre-Crisis) Secret IdentityKathy Kane
14.7%
Robin IV's Father's Alter EgoCluemaster
14.5%
Robin III's Father's MurdererCaptain Boomerang
13.8%
...Whose Real Name Is...Kirk Langstrom
12.5%
Batgirl I's Secret IdentityBetty Kane
11%
Batgirl III's Secret IdentityHelena Bertinelli
10.9%
Batgirl IV's MotherLady Shiva
10.5%
...and the Second...Matt Hagen
9.6%
Batgirl IV's FatherDavid Cain
9.5%
...Whose Real Name Is...Garfield Lynns
9.5%
Robin IV's FatherArthur Brown
9.2%
...the First of Whom Was Named...Arnold Wesker
9.1%
Robin III's MotherJanet Drake
7.4%
...Who Later Uses the Codename...Misfit
5.7%
...and the Third...Preston Payne
5.4%
Robin III's Mother's MurdererObeah Man
5.2%
...the First of Whom Was Named...Drury Walker (Cameron van Cleer)
4.6%
...and the Fifth...Cassius 'Clay' Payne
4.5%
...and the Fourth...Sondra Fuller
4.4%
Batgirl V's Secret IdentityCharlotte Gage-Radcliffe
4.2%
...and the Second...Peyton Riley
3.7%
...and the Most Recent...Johnny Williams
3.6%

You're not logged in!

Compare scores with friends on all Sporcle quizzes.
Join for Free
OR
Log In

You Might Also Like...

Show Comments

Extras

Top Quizzes Today


Score Distribution

Your Account Isn't Verified!

In order to create a playlist on Sporcle, you need to verify the email address you used during registration. Go to your Sporcle Settings to finish the process.

Report this User

Report this user for behavior that violates our Community Guidelines.

Details: